[Event "IV Campeonato de España de Selecciones"]
[Site "?"]
[Date "2009.04.30"]
[Round "1.2"]
[White "Leranoz Zabalza, Adrian"]
[Black "Aguera Naredo, Javier"]
[Result "0-1"]
[WhiteElo "2057"]
[BlackElo "2380"]
[PlyCount "126"]
[EventDate "2009.04.30"]
[SourceDate "2009.04.30"]

1. e4 c5 2. Nf3 d6 3. d4 cxd4 4. Nxd4 Nf6 5. Nc3 Nc6 6. Be3 e5 7. Nb3 Be7 8.
Be2 O-O 9. Qd2 Be6 10. O-O-O a5 11. a4 Nb4 12. Kb1 Rc8 13. f4 d5 14. fxe5 Nxe4
15. Nxe4 dxe4 16. Qxd8 Bxd8 17. Rd2 b6 18. Nd4 Ba2+ 19. Ka1 Bc4 20. Rhd1 Nd5
21. Bxc4 Rxc4 22. Nf5 Nxe3 23. Nxe3 Rxa4+ 24. Kb1 Bg5 25. Re2 Re8 26. Rd6 Rxe5
27. Rc6 Rd4 28. c3 Rd3 29. Nc4 Re8 30. Nd6 Rd8 31. Rxe4 Rd1+ 32. Ka2 Rd2 33.
Nb7 Rb8 34. h4 Bf6 35. g4 h6 36. g5 hxg5 37. hxg5 Bxg5 38. Rxb6 Bf6 39. Rb3 g6
40. Nxa5 Ra8 41. Ra4 Be7 42. Rb5 Rd6 43. c4 Rd2 44. c5 Rc2 45. Rb7 Bxc5 46. Rc7
Rc1 47. b4 Be3 48. Rxc1 Bxc1 49. Kb3 Bf4 50. Ra2 Kg7 51. Rc2 g5 52. Nc6 f5 53.
b5 Be3 54. Kc4 g4 55. Kd3 Ra3+ 56. Ke2 Kf6 57. Nb4 f4 58. Rc6+ Kf5 59. Nc2 Rb3
60. Nxe3+ Rxe3+ 61. Kf2 g3+ 62. Kg2 Re2+ 63. Kf1 Rb2 0-1

[Event "IV Campeonato de España de Selecciones"]
[Site "?"]
[Date "2009.04.30"]
[Round "1.1"]
[White "Veganzones Rojo, David"]
[Black "Herraiz Hidalgo, Herminio"]
[Result "0-1"]
[WhiteElo "2103"]
[BlackElo "2520"]
[PlyCount "122"]
[EventDate "2009.04.30"]
[SourceDate "2009.04.30"]

1. d4 Nf6 2. c4 c5 3. d5 g6 4. Nc3 d6 5. e4 Bg7 6. Nge2 b5 7. cxb5 a6 8. Ng3
O-O 9. Be2 axb5 10. Bxb5 Ba6 11. O-O Ne8 12. Bxa6 Rxa6 13. Be3 Nd7 14. Qc1 Ne5
15. Qc2 Nc7 16. b3 Qa8 17. h3 e6 18. Rfd1 exd5 19. exd5 Re8 20. Rab1 Nd7 21.
Nge4 Nf6 22. Nxf6+ Bxf6 23. Ne4 Bg7 24. Qd3 Nxd5 25. Qxd5 Qxd5 26. Rxd5 Rxe4
27. a4 Rb4 28. Rd3 c4 29. Rdd1 Rxb3 30. Rbc1 c3 31. Bd4 Bxd4 32. Rxd4 Rc6 33.
Rd3 Ra6 34. Kf1 Kf8 35. Rc2 Ke7 36. Ke2 Rxa4 37. Rdxc3 Rxc3 38. Rxc3 h5 39. Rd3
Kd7 40. Rf3 Ke6 41. Re3+ Kf5 42. Rf3+ Rf4 43. Rd3 Ke5 44. g3 Ra4 45. f4+ Ke6
46. Re3+ Kd5 47. Kf3 Ra7 48. g4 hxg4+ 49. hxg4 Rb7 50. g5 Kc4 51. Ra3 Rb3+ 52.
Rxb3 Kxb3 53. Ke4 Kc4 54. f5 d5+ 55. Ke5 d4 56. f6 d3 57. Kd6 d2 58. Ke7 d1=Q
59. Kxf7 Qh5 60. Kg7 Qxg5 61. f7 Qf5 0-1

[Event "IV Campeonato de España de Selecciones"]
[Site "?"]
[Date "2009.04.30"]
[Round "1.3"]
[White "Gete Rodriguez, Isidro"]
[Black "Garcia Moral Garcia, Jose Danie"]
[Result "0-1"]
[WhiteElo "1980"]
[BlackElo "2324"]
[PlyCount "100"]
[EventDate "2009.04.30"]
[SourceDate "2009.04.30"]

1. d4 Nf6 2. c4 g6 3. Nc3 Bg7 4. e4 d6 5. Nf3 O-O 6. Be2 Nbd7 7. Bg5 h6 8. Bh4
e5 9. d5 a6 10. Nd2 Qe8 11. b4 Nh7 12. f3 f5 13. Rc1 Ng5 14. c5 Nf6 15. Bxg5
hxg5 16. Nc4 Qd8 17. a4 g4 18. cxd6 cxd6 19. Qd3 Bh6 20. Rc2 gxf3 21. Bxf3 Rf7
22. a5 fxe4 23. Nxe4 Bf5 24. O-O Qf8 25. Rcf2 Rc8 26. Nxf6+ Rxf6 27. Be4 Rxc4
28. Qxc4 Be3 29. Qd3 Ba7 30. Bxf5 Rxf5 31. Qc2 Qf7 32. Qd2 Kg7 33. g4 Rxf2 34.
Rxf2 Bxf2+ 35. Qxf2 Qxd5 36. Qb6 e4 37. Kf2 Qd2+ 38. Kg3 Qc3+ 39. Kf2 Qf3+ 40.
Ke1 Qh1+ 41. Ke2 Qxh2+ 42. Kf1 Qf4+ 43. Ke1 Qg3+ 44. Kd2 Qd3+ 45. Ke1 Qc3+ 46.
Ke2 Qf3+ 47. Ke1 e3 48. Qc7+ Kh6 49. Qxd6 Qf2+ 50. Kd1 e2+ 0-1

[Event "IV Campeonato de España de Selecciones"]
[Site "?"]
[Date "2009.04.30"]
[Round "1.4"]
[White "Fernandez Barrera, Victor"]
[Black "De La Cruz Revilla, Miguel"]
[Result "1/2-1/2"]
[WhiteElo "2318"]
[BlackElo "1907"]
[PlyCount "75"]
[EventDate "2009.04.30"]
[SourceDate "2009.04.30"]

1. e4 d6 2. d4 g6 3. Nf3 Bg7 4. Nc3 Nf6 5. Be2 O-O 6. O-O e5 7. dxe5 dxe5 8.
Bg5 Qxd1 9. Raxd1 Re8 10. h3 c6 11. Bc4 Nbd7 12. Rd6 h6 13. Bxf6 Bxf6 14. Rfd1
Re7 15. a4 a5 16. g4 Kg7 17. b3 Nb6 18. Be2 Re8 19. Nb5 Rb8 20. Nc3 Be7 21.
R6d3 f6 22. Kg2 Be6 23. Nh2 Rbd8 24. Nf1 Nd7 25. Ne3 Nc5 26. Rxd8 Rxd8 27. Bc4
Rxd1 28. Ncxd1 Bc8 29. Nc3 Ne6 30. Ne2 Bc5 31. Nd1 Ng5 32. f3 h5 33. Nb2 hxg4
34. hxg4 Be3 35. Bd3 Bc5 36. Kg3 Ne6 37. Bc4 Nd4 38. Bd3 1/2-1/2

[Event "IV Campeonato de España de Selecciones"]
[Site "?"]
[Date "2009.04.30"]
[Round "1.5"]
[White "Ausin Matilla, Daniel"]
[Black "Serna Lara, Sergio"]
[Result "1/2-1/2"]
[WhiteElo "1936"]
[BlackElo "2276"]
[PlyCount "146"]
[EventDate "2009.04.30"]
[SourceDate "2009.04.30"]

1. e4 e6 2. d4 d5 3. Nd2 Nf6 4. e5 Nfd7 5. Bd3 c5 6. c3 Nc6 7. Ngf3 Be7 8. O-O
a5 9. Re1 cxd4 10. cxd4 g5 11. Nf1 g4 12. N3d2 h5 13. f4 Qb6 14. Kh1 Nxd4 15.
Nb1 Nc6 16. Nc3 Nc5 17. Be2 d4 18. Nb5 Ne4 19. Qb3 Kf8 20. Bc4 a4 21. Qc2 d3
22. Be3 Qxe3 23. Rxe3 dxc2 24. Rxe4 Bd7 25. Rc1 Na5 26. Bd3 Nc6 27. a3 Kg7 28.
Nc3 Rhd8 29. Bxc2 Be8 30. Rxa4 Rxa4 31. Bxa4 Rd4 32. Ng3 h4 33. Nge4 f5 34.
exf6+ Bxf6 35. Nc5 Bf7 36. Nxb7 Ne7 37. Bb3 Rxf4 38. Nd8 Rf2 39. Nxf7 Kxf7 40.
Ne4 Rxb2 41. Nxf6 Kxf6 42. Bd1 g3 43. hxg3 hxg3 44. Kg1 Nd5 45. Ra1 Nc3 46. Bf3
e5 47. Bc6 Ke6 48. a4 Kd6 49. Ba8 Nxa4 50. Kf1 Nc3 51. Rc1 Rf2+ 52. Ke1 Re2+
53. Kf1 Rf2+ 54. Ke1 Re2+ 55. Kf1 Re3 56. Rc2 Kc5 57. Rd2 Nb5 58. Re2 Kd4 59.
Rd2+ Kc3 60. Re2 Kd3 61. Rxe3+ Kxe3 62. Bb7 Nc3 63. Ke1 e4 64. Bc6 Kd4 65. Bb7
Na4 66. Bc6 Nc5 67. Kf1 Nd3 68. Bb7 Nf4 69. Bc6 Kd3 70. Kg1 e3 71. Bb5+ Kd2 72.
Kf1 e2+ 73. Bxe2 Nxe2 1/2-1/2

[Event "IV Campeonato de España de Selecciones"]
[Site "?"]
[Date "2009.04.30"]
[Round "1.6"]
[White "Gonzalez Berruga, Ana Isabel"]
[Black "Romero Diez, Sandra"]
[Result "1-0"]
[WhiteElo "2050"]
[BlackElo "1652"]
[PlyCount "81"]
[EventDate "2009.04.30"]
[SourceDate "2009.04.30"]

1. d4 d5 2. c4 c6 3. Nf3 Nf6 4. Nc3 dxc4 5. a4 Bf5 6. e3 e6 7. Bxc4 Bb4 8. O-O
O-O 9. Qb3 Qb6 10. Nh4 Bg4 11. h3 Bh5 12. Ne2 Bxe2 13. Bxe2 Be7 14. Qc2 Nbd7
15. Nf3 c5 16. a5 Qc7 17. b4 b6 18. dxc5 bxc5 19. b5 Nd5 20. Bb2 Rfd8 21. Rfc1
Rac8 22. Qb3 Bf6 23. Bxf6 N5xf6 24. Nd4 Qb7 25. Bf3 Nd5 26. a6 Qb6 27. Nf5 g6
28. Bxd5 gxf5 29. Bb7 Rc7 30. Rd1 Rb8 31. e4 f4 32. Qf3 Rcxb7 33. axb7 Rxb7 34.
Qxf4 c4 35. Ra3 Nf8 36. Rg3+ Ng6 37. Qf6 Rb8 38. h4 Qxb5 39. Rg5 e5 40. h5 Qb3
41. Rd7 1-0

[Event "IV Campeonato de España de Selecciones"]
[Site "?"]
[Date "2009.04.30"]
[Round "1.6"]
[White "Garcia Vicente, Nieves"]
[Black "Jumba Cuenca, Marta"]
[Result "1-0"]
[WhiteElo "2219"]
[BlackElo "1440"]
[PlyCount "55"]
[EventDate "2009.04.30"]
[SourceDate "2009.04.30"]

1. e4 e6 2. d4 d5 3. e5 c5 4. Nf3 Nc6 5. Bd3 Qb6 6. O-O Bd7 7. a3 Nxd4 8. Nxd4
cxd4 9. Qe2 Ne7 10. b4 a6 11. Bb2 Nc6 12. Nd2 g6 13. f4 Bg7 14. Nf3 O-O 15. h4
f6 16. Rae1 fxe5 17. fxe5 Rad8 18. Bc1 Rxf3 19. Qxf3 Nxe5 20. Rxe5 Bxe5 21. Bg5
Bg7 22. Qf7+ Kh8 23. h5 Be8 24. Bxd8 Qxd8 25. Qxe6 gxh5 26. Rf5 h4 27. Rxd5 Qb8
28. Qe7 1-0

[Event "IV Campeonato de España de Selecciones"]
[Site "?"]
[Date "2009.05.01"]
[Round "2.2"]
[White "De La Villa Garcia, Jesus"]
[Black "Candela Perez, Jose"]
[Result "1-0"]
[WhiteElo "2479"]
[BlackElo "2411"]
[PlyCount "51"]
[EventDate "2009.05.01"]
[SourceDate "2009.05.01"]

1. e4 e6 2. d4 d5 3. Nc3 dxe4 4. Nxe4 Bd7 5. Nf3 Bc6 6. Neg5 Nd7 7. Bd3 Be7 8.
Qe2 Bd5 9. c4 Bxf3 10. Nxf3 Ngf6 11. O-O O-O 12. Rd1 c6 13. Bf4 Re8 14. h3 Bf8
15. Bc2 g6 16. Rd3 Qa5 17. Ne5 Nxe5 18. dxe5 Nh5 19. Bg5 Be7 20. Bh6 Rad8 21.
Rb3 Rd7 22. Qxh5 gxh5 23. Rg3+ Kh8 24. Bg7+ Kg8 25. Bf6+ Kf8 26. Bxh7 1-0

[Event "IV Campeonato de España de Selecciones"]
[Site "?"]
[Date "2009.05.01"]
[Round "2.2"]
[White "Gallardo Garcia, Andres"]
[Black "Cortes Bueno, J.Javier"]
[Result "1-0"]
[WhiteElo "2407"]
[BlackElo "2245"]
[PlyCount "97"]
[EventDate "2009.05.01"]
[SourceDate "2009.05.01"]

1. d4 Nf6 2. c4 c5 3. d5 e6 4. Nf3 exd5 5. cxd5 d6 6. e4 g6 7. h3 Bg7 8. Bd3
O-O 9. O-O b5 10. Re1 Re8 11. e5 dxe5 12. Bxb5 Bd7 13. Bc4 e4 14. Ng5 h6 15.
Ne6 fxe6 16. dxe6 Kh7 17. exd7 Nbxd7 18. Bb5 Qc7 19. Nc3 Rad8 20. Qc2 Qb7 21.
Be3 a6 22. Ba4 Rb8 23. Bf4 Rbc8 24. Rad1 Re7 25. Bxd7 Rxd7 26. Rxd7 Qxd7 27.
Nxe4 Qd4 28. Nd6 Rf8 29. Be5 Qd5 30. Nc4 Re8 31. Rd1 Rxe5 32. Rxd5 Rxd5 33. Ne3
Re5 34. Qc4 a5 35. b3 Ne4 36. Qd3 Re6 37. Qd7 Rf6 38. Ng4 Rd6 39. Qe7 Rd4 40.
f3 h5 41. fxe4 hxg4 42. Qh4+ Bh6 43. Qxg4 Be3+ 44. Kf1 Rd2 45. a4 Rb2 46. h4
Rxb3 47. h5 gxh5 48. Qd7+ Kh8 49. Qe8+ 1-0

[Event "IV Campeonato de España de SElecciones"]
[Site "?"]
[Date "2009.05.01"]
[Round "2.6"]
[White "Garcia Gomez, Estefania"]
[Black "Sevilla Subiza, Marina"]
[Result "1-0"]
[WhiteElo "1576"]
[BlackElo "1568"]
[PlyCount "97"]
[EventDate "2009.??.??"]
[SourceDate "2009.05.01"]

1. d4 Nf6 2. c4 g6 3. Nc3 Bg7 4. Nf3 O-O 5. Bg5 d6 6. e3 Bf5 7. Bd3 Bxd3 8.
Qxd3 Nbd7 9. O-O c6 10. Rfe1 d5 11. Rac1 Re8 12. cxd5 Nxd5 13. Nxd5 cxd5 14.
Bf4 e6 15. Qb5 Nb6 16. Bc7 Qd7 17. Qxd7 Nxd7 18. Bd6 Rac8 19. h3 Rc6 20. Rxc6
bxc6 21. Rc1 Rc8 22. b4 a6 23. a3 f6 24. Nd2 e5 25. f3 exd4 26. exd4 Bh6 27. f4
f5 28. Nf3 Bg7 29. Re1 Bf6 30. g3 Kf7 31. Ng5+ Bxg5 32. fxg5 Re8 33. Rxe8 Kxe8
34. Bc5 Kd8 35. Kf2 Kc7 36. Ke3 Nb6 37. Kf4 Nc4 38. a4 a5 39. bxa5 Nxa5 40. Ke3
Nb3 41. Kd3 Kb7 42. Kc3 Na5 43. Kb4 Nc4 44. h4 Nd2 45. Bd6 Ne4 46. Be5 Kb6 47.
Bf4 c5+ 48. dxc5+ Nxc5 49. Be3 1-0

[Event "IV Campeonato de España de Selecciones"]
[Site "?"]
[Date "2009.05.01"]
[Round "2.4"]
[White "Álvarez Fernández, Enrique"]
[Black "Antoli Royo, Joaquin Miguel"]
[Result "0-1"]
[WhiteElo "2376"]
[BlackElo "2416"]
[PlyCount "46"]
[EventDate "2009.??.??"]
[SourceDate "2009.05.01"]

1. d4 g6 2. Bf4 Bg7 3. e3 d6 4. Nf3 Nd7 5. Be2 e5 6. Bg3 Qe7 7. c4 Nh6 8. Nc3
c6 9. O-O O-O 10. b4 Nf5 11. b5 h5 12. dxe5 dxe5 13. e4 Nd4 14. h3 Nc5 15. Re1
Rd8 16. Qb1 Be6 17. Nxe5 Nxe2+ 18. Nxe2 Bxh3 19. gxh3 Bxe5 20. Bxe5 Qxe5 21. f3
Rd2 22. f4 Qe6 23. f5 Qf6 0-1

[Event "IV Campeonato de España de Selecciones "]
[Site "?"]
[Date "2009.05.01"]
[Round "2.1"]
[White "Llorente Zaro, Alfonso"]
[Black "Llaneza Vega, Marcos"]
[Result "1/2-1/2"]
[WhiteElo "2434"]
[BlackElo "2522"]
[PlyCount "59"]
[EventDate "2009.??.??"]
[SourceDate "2009.05.01"]

1. c4 c5 2. Nf3 Nc6 3. d4 cxd4 4. Nxd4 Qb6 5. Nc2 e6 6. Nc3 a6 7. e3 Nf6 8. Be2
Be7 9. O-O O-O 10. e4 Qc7 11. Be3 d6 12. Rc1 b6 13. Nd4 Nxd4 14. Qxd4 Bb7 15.
Rfd1 Rab8 16. Qxb6 Qxb6 17. Bxb6 Bxe4 18. Bc7 Rxb2 19. Bxd6 Bxd6 20. Rxd6 a5
21. Ra6 Ra8 22. c5 Rxa6 23. Bxa6 Bc6 24. a4 Rb8 25. Rd1 Kf8 26. f3 Nd5 27. Nxd5
Bxd5 28. Rc1 Ra8 29. Bb5 Ke7 30. Kf2 1/2-1/2

[Event "IV Campeonato de España de Selecciones"]
[Site "?"]
[Date "2009.05.01"]
[Round "2.2"]
[White "González Menéndez, Iván"]
[Black "Barón Rodríguez, Jesús"]
[Result "1-0"]
[WhiteElo "2413"]
[BlackElo "2428"]
[PlyCount "59"]
[EventDate "2009.??.??"]
[SourceDate "2009.05.01"]

1. e4 e5 2. Nf3 Nc6 3. d4 exd4 4. Nxd4 g6 5. Nc3 Bg7 6. Be3 Nge7 7. Bc4 d6 8.
O-O O-O 9. f4 Na5 10. Be2 f5 11. exf5 Bxf5 12. g4 Bd7 13. f5 gxf5 14. gxf5 c5
15. Ne6 Bxe6 16. fxe6 Nf5 17. Rxf5 Rxf5 18. Bg4 Nc4 19. Bxf5 Nxe3 20. Qh5 Nxf5
21. Qxf5 Qf6 22. Qd5 Qd4+ 23. Kh1 Qe3 24. Rg1 Rb8 25. e7+ Kh8 26. Qf7 Rg8 27.
Rg3 Qe1+ 28. Kg2 b5 29. Nd5 Qd2+ 30. Kh3 1-0

[Event "IV Campeonto de España de Selecciones"]
[Site "?"]
[Date "2009.05.01"]
[Round "2.4"]
[White "De La Cruz Revilla, Miguel"]
[Black "Alonso Arburu, Juan Ignacio"]
[Result "0-1"]
[WhiteElo "1907"]
[BlackElo "2348"]
[PlyCount "144"]
[EventDate "2009.??.??"]
[SourceDate "2009.05.01"]

1. d4 Nf6 2. Nf3 e6 3. g3 c5 4. Bg2 Nc6 5. O-O d5 6. Bf4 Qb6 7. dxc5 Qxb2 8.
Nbd2 Bxc5 9. Nb3 Bb6 10. c4 Qa3 11. cxd5 Nxd5 12. Bc1 Qe7 13. e4 Nf6 14. e5 Nd5
15. Qd3 h6 16. Nbd2 Ncb4 17. Qe4 f5 18. exf6 Qxf6 19. Rb1 Nc6 20. Bb2 Qf7 21.
Nc4 Bc7 22. Nfe5 Nxe5 23. Nxe5 Bxe5 24. Qxe5 O-O 25. Rbd1 Re8 26. Rd4 Nf6 27.
Rf4 Bd7 28. g4 Qg6 29. h4 Nxg4 30. Qxg7+ Qxg7 31. Bxg7 e5 32. Bd5+ Kxg7 33.
Rf7+ Kh8 34. Rxd7 Nf6 35. Rd6 Nxd5 36. Rxd5 Rad8 37. Rfd1 Rxd5 38. Rxd5 Re7 39.
Kg2 e4 40. Rd2 Kg7 41. Kg3 e3 42. fxe3 Rxe3+ 43. Kf4 Re7 44. Kf5 b6 45. Rg2+
Kf7 46. Rd2 Rc7 47. Rd4 Rc5+ 48. Kf4 Ra5 49. a4 Ke6 50. Kg4 h5+ 51. Kg3 Rf5 52.
Re4+ Kd6 53. Rd4+ Kc5 54. Re4 a6 55. Re6 Rd5 56. Rg6 Rd3+ 57. Kf2 Rd4 58. Rg5+
Kb4 59. Rxh5 Kxa4 60. Rh6 Ka5 61. Ke3 Rd1 62. h5 b5 63. Rc6 b4 64. Ke2 Rh1 65.
h6 Kb5 66. Re6 a5 67. Kd3 Rh3+ 68. Kd4 b3 69. Re5+ Kb4 70. Re6 a4 71. Rb6+ Ka3
72. Kc4 Ka2 0-1

[Event "IV Campeonato de España de Selecciones"]
[Site "?"]
[Date "2009.05.01"]
[Round "2.6"]
[White "Fidalgo Fernández, Lucia"]
[Black "García Vicente, Nieves"]
[Result "0-1"]
[WhiteElo "2102"]
[BlackElo "2219"]
[PlyCount "96"]
[EventDate "2009.??.??"]
[SourceDate "2009.05.01"]

1. d4 Nf6 2. Bf4 d5 3. e3 Bg4 4. Nf3 e6 5. Be2 Bd6 6. Bg3 Bxg3 7. hxg3 Qd6 8.
c3 Nbd7 9. Nbd2 O-O 10. Qc2 Bf5 11. Bd3 Bxd3 12. Qxd3 e5 13. Qf5 exd4 14. cxd4
Rfe8 15. O-O g6 16. Qc2 Ne4 17. Rfc1 c6 18. b4 a5 19. Nxe4 dxe4 20. Nd2 Qd5 21.
bxa5 Rxa5 22. Rcb1 b6 23. Nc4 Ra6 24. Nd2 Nf6 25. Qc4 b5 26. Qc2 Ng4 27. Nf1
Rea8 28. Rb2 Ra4 29. Qe2 h5 30. Qc2 Rc4 31. Qb3 Qf5 32. Qd1 Raa4 33. f3 exf3
34. gxf3 Nf6 35. Kg2 Qd5 36. Qe2 Rc3 37. Qd2 Raa3 38. Re1 Qc4 39. Re2 Nd5 40.
e4 Rd3 41. Qg5 Nb4 42. Ne3 Rxe3 43. Rxe3 Qxd4 44. Ree2 Ra8 45. e5 Qd5 46. Qh4
Nxa2 47. e6 f5 48. Qf6 Nc1 0-1

[Event "IV Campeonato de España de Selecciones"]
[Site "?"]
[Date "2009.05.01"]
[Round "2.3"]
[White "Suarez Pousa, Diego"]
[Black "Garcia Moral García, Jose"]
[Result "0-1"]
[WhiteElo "2431"]
[BlackElo "2324"]
[PlyCount "82"]
[EventDate "2009.??.??"]
[SourceDate "2009.05.01"]

1. e4 e5 2. Nf3 Nc6 3. Bb5 a6 4. Ba4 Nf6 5. O-O b5 6. Bb3 Bc5 7. d3 d6 8. Be3
O-O 9. h3 Re8 10. a4 Rb8 11. axb5 axb5 12. Nc3 h6 13. Qc1 Nd7 14. Ne2 Rf8 15.
Ng3 Bxe3 16. fxe3 Nc5 17. Ba2 Nb4 18. Qd2 Nxa2 19. Rxa2 g6 20. d4 Nd7 21. Raa1
Bb7 22. Ra7 c5 23. Rd1 Bc6 24. Ra6 Qc8 25. Rda1 Ra8 26. Rxa8 Bxa8 27. Qa5 cxd4
28. exd4 Nf6 29. Qxb5 Nxe4 30. Nxe4 Bxe4 31. Ne1 exd4 32. Qe2 Re8 33. Qd2 Qc5
34. Nd3 Bxd3 35. cxd3 Re3 36. Ra3 Qe5 37. Kf2 Qf4+ 38. Kg1 Qg3 39. Kf1 Qh2 40.
Ra8+ Kg7 41. Qf2 Qh1+ 0-1

[Event "IV Campeonato de España de Selecciones"]
[Site "?"]
[Date "2009.05.01"]
[Round "2.4"]
[White "García Castro, Pablo"]
[Black "Serna Lara, Sergio"]
[Result "1-0"]
[WhiteElo "2373"]
[BlackElo "2276"]
[PlyCount "90"]
[EventDate "2009.??.??"]
[SourceDate "2009.05.01"]

1. e4 e6 2. b3 d5 3. Bb2 dxe4 4. Nc3 Nf6 5. Qe2 Be7 6. Nxe4 O-O 7. Nf3 Nbd7 8.
d3 b6 9. g3 Bb7 10. Bg2 c5 11. O-O Qc7 12. Rfe1 Rfe8 13. c4 Nxe4 14. dxe4 e5
15. Bh3 Bf6 16. Bxd7 Qxd7 17. h4 Rad8 18. Nh2 Qd2 19. Ng4 Qxe2 20. Rxe2 Rd3 21.
Kg2 h5 22. Nh2 Bd8 23. f3 g6 24. Rae1 Bc7 25. Re3 Rxe3 26. Rxe3 Rd8 27. Nf1 f6
28. Kf2 Kf7 29. Re2 Rd3 30. Ne3 Bd6 31. Nd5 Rd1 32. Rc2 Ke6 33. Nc3 Rh1 34. Kg2
Re1 35. Rc1 Rxc1 36. Bxc1 Bc6 37. a4 Bc7 38. Be3 Bd6 39. Kf2 f5 40. Ke2 Bc7 41.
Kd3 Bd6 42. g4 Bc7 43. Bd2 Bd6 44. Nd5 Bb8 45. a5 Be8 1-0

[Event "IV Campeonto de España de Selecciones"]
[Site "?"]
[Date "2009.05.01"]
[Round "2.5"]
[White "Picazo López, Juan Antonio"]
[Black "Rodriguez Lopez, Rafael"]
[Result "0-1"]
[WhiteElo "2232"]
[BlackElo "2299"]
[PlyCount "90"]
[EventDate "2009.??.??"]
[SourceDate "2009.05.01"]

1. d4 Nf6 2. c4 c5 3. d5 e6 4. Nc3 exd5 5. cxd5 d6 6. e4 Be7 7. f4 O-O 8. Nf3
Bg4 9. Be2 a6 10. a4 Re8 11. O-O Bf8 12. h3 Bxf3 13. Bxf3 Nbd7 14. Re1 g6 15.
Qc2 Bg7 16. Bd2 Rc8 17. a5 c4 18. Na4 Nc5 19. Nxc5 Rxc5 20. Ra4 Nd7 21. Rxc4
Bxb2 22. Kh1 Bg7 23. Bb4 Qh4 24. e5 Rxc4 25. Qxc4 Nxe5 26. Qf1 Qxf4 27. Bxd6
Rd8 28. Bc7 Rd7 29. Re4 Qf5 30. d6 Nxf3 31. Qxf3 Qxf3 32. gxf3 Bf8 33. Rd4 f5
34. Kg2 Kf7 35. Rb4 Ke6 36. Rb6 g5 37. Kg3 h6 38. h4 Bg7 39. Kh3 Be5 40. hxg5
hxg5 41. Kg2 Kd5 42. Kf1 Bxd6 43. Bxd6 Rxd6 44. Rxb7 Ke5 45. Rg7 Kf4 0-1

[Event "IV Campeonato de España de Selecciones"]
[Site "?"]
[Date "2009.05.01"]
[Round "2.1"]
[White "Cacho Reigadas, Sergio"]
[Black "Lopez Martinez, Josep Manuel"]
[Result "1/2-1/2"]
[WhiteElo "2469"]
[BlackElo "2557"]
[PlyCount "90"]
[EventDate "2009.??.??"]
[SourceDate "2009.05.01"]

1. Nf3 Nf6 2. c4 e6 3. g3 d5 4. Bg2 dxc4 5. Qa4+ Nbd7 6. Qxc4 a6 7. Qc2 c5 8.
O-O g6 9. d4 cxd4 10. Nxd4 Bg7 11. Rd1 O-O 12. Nb3 Qe7 13. Nc3 Rb8 14. Bf4 e5
15. Bg5 Qb4 16. Qd2 b6 17. Qd6 Qxd6 18. Rxd6 h6 19. Be3 Re8 20. Nd5 Nxd5 21.
Bxd5 Nf6 22. Bxh6 Nxd5 23. Bxg7 Kxg7 24. Rxd5 a5 25. Rad1 Be6 26. R5d2 Rec8 27.
f3 Rc6 28. Nc1 Rbc8 29. Nd3 Kf6 30. Kf2 g5 31. a3 Rh8 32. Rh1 e4 33. Ne1 b5 34.
Ng2 exf3 35. exf3 Rh3 36. f4 b4 37. Ne3 Rc4 38. fxg5+ Kxg5 39. axb4 Rxb4 40.
Ng2 Bf5 41. Nf4 Rh8 42. h4+ Kh6 43. Nd5 Rb3 44. Ra1 Rd8 45. Rxa5 Be6 1/2-1/2

[Event "IV Campeonato de España de Selecciones"]
[Site "?"]
[Date "2009.05.01"]
[Round "2.2"]
[White "Narciso Dublan, Marc"]
[Black "Bolado Saenz, Sergio"]
[Result "1-0"]
[WhiteElo "2534"]
[BlackElo "2328"]
[PlyCount "51"]
[EventDate "2009.??.??"]
[SourceDate "2009.05.01"]

1. d4 Nf6 2. Nf3 e6 3. g3 c5 4. Bg2 Nc6 5. O-O Qb6 6. e3 d5 7. b3 cxd4 8. exd4
Be7 9. c4 a5 10. Nc3 dxc4 11. bxc4 O-O 12. Rb1 Qd8 13. Bf4 Bd6 14. Qc1 Bxf4 15.
Qxf4 a4 16. Rfd1 Qa5 17. Nb5 Rd8 18. Ne5 Ne7 19. c5 Rf8 20. Nc4 Qd8 21. Nb6
Ned5 22. Nxd5 Nxd5 23. Bxd5 exd5 24. Nd6 Ra7 25. Re1 a3 26. Re8 1-0

[Event "IV Campeonato de España de Selecciones"]
[Site "?"]
[Date "2009.05.01"]
[Round "2.3"]
[White "Martin Fuentes, Alberto"]
[Black "Oms Pallisse, Josep"]
[Result "1/2-1/2"]
[WhiteElo "2244"]
[BlackElo "2522"]
[PlyCount "72"]
[EventDate "2009.??.??"]
[SourceDate "2009.05.01"]

1. e4 Nf6 2. e5 Nd5 3. c4 Nb6 4. d4 d6 5. f4 Bf5 6. Be3 e6 7. Nc3 Na6 8. Nf3 c5
9. dxc5 dxc5 10. a3 Be7 11. Be2 O-O 12. O-O Qxd1 13. Raxd1 Rad8 14. Rd2 Nb8 15.
Rfd1 Rxd2 16. Nxd2 Rd8 17. Nb3 Rxd1+ 18. Nxd1 Na4 19. Nd2 Nc6 20. b3 Nb6 21.
Bf3 Bc2 22. Nc3 f5 23. Kf2 a6 24. Bxc6 bxc6 25. Ke2 Nd7 26. Bf2 g5 27. g3 Kf7
28. Nd1 Bxd1+ 29. Kxd1 Kg6 30. Ke2 Kh5 31. Kf3 Nf8 32. h3 Kg6 33. Ke2 h6 34.
Nf3 Nd7 35. Ne1 h5 36. h4 gxf4 1/2-1/2

[Event "IV Campeonato de España de Selecciones"]
[Site "?"]
[Date "2009.05.01"]
[Round "2.4"]
[White "Alsina Leal, Daniel"]
[Black "Perez Lopez, Jesus Maria"]
[Result "1/2-1/2"]
[WhiteElo "2503"]
[BlackElo "2263"]
[PlyCount "128"]
[EventDate "2009.??.??"]
[SourceDate "2009.05.01"]

1. e4 e6 2. d4 d5 3. Nc3 Bb4 4. e5 c5 5. a3 Bxc3+ 6. bxc3 Qa5 7. Bd2 Qa4 8. Qb1
a6 9. Qb3 Qxb3 10. cxb3 cxd4 11. cxd4 Nc6 12. Bc3 Bd7 13. Bd3 Rc8 14. Kd2 Nge7
15. Ne2 O-O 16. f4 f6 17. g3 Be8 18. Rac1 Bh5 19. Rhe1 Bg6 20. Bxg6 hxg6 21.
Kd3 Kf7 22. Ng1 Rh8 23. Nf3 Na7 24. Bb4 Rxc1 25. Rxc1 Rc8 26. Re1 Nec6 27. Bd2
Nb5 28. a4 Na3 29. Rc1 b5 30. axb5 Nxb5 31. Ra1 Ra8 32. Ra4 Ke7 33. Ne1 Rb8 34.
Nc2 Nc7 35. Na1 Nb5 36. Bc1 Rb6 37. Nc2 Kd7 38. Bd2 Nc7 39. Na1 Nb5 40. h4 Kc8
41. Nc2 Nc7 42. Na1 Nb5 43. g4 Kb8 44. Nc2 Ka7 45. exf6 gxf6 46. Ra1 Nd6 47. b4
Rb7 48. Rh1 Ne4 49. Be1 a5 50. h5 gxh5 51. gxh5 axb4 52. h6 Rh7 53. Rh2 e5 54.
fxe5 fxe5 55. Nxb4 Nxd4 56. Nxd5 Ng5 57. Bf2 Kb7 58. Bxd4 exd4 59. Nf6 Rh8 60.
Rh5 Ne6 61. Ke4 d3 62. h7 d2 63. Rd5 Ng5+ 64. Kf5 Nxh7 1/2-1/2

[Event "IV Campeonato de España de Selecciones"]
[Site "?"]
[Date "2009.05.01"]
[Round "2.6"]
[White "Arnedo Ruiz, Alberto"]
[Black "Bujosa Ribas, Joan"]
[Result "0-1"]
[WhiteElo "1906"]
[BlackElo "2019"]
[PlyCount "110"]
[EventDate "2009.??.??"]
[SourceDate "2009.05.01"]

1. e4 e6 2. d4 d5 3. Nd2 dxe4 4. Nxe4 Nd7 5. Nf3 Ngf6 6. Bd3 Be7 7. O-O Nxe4 8.
Bxe4 Nf6 9. Qe2 Nxe4 10. Qxe4 O-O 11. Bf4 c6 12. Rfe1 Qd5 13. Qd3 Rd8 14. Re5
Qd7 15. Rh5 g6 16. Rh3 Bf6 17. c3 Qd5 18. Ne5 c5 19. Nxf7 Kxf7 20. Rxh7+ Bg7
21. Bh6 Rg8 22. Qe3 Qf5 23. Qg3 e5 24. Qxe5 Qxe5 25. dxe5 Bf5 26. Rd1 g5 27.
Rxg7+ Rxg7 28. Bxg7 Kxg7 29. Rd5 b6 30. e6 Kf6 31. e7 Re8 32. f3 Rxe7 33. Rd2
Re1+ 34. Kf2 Rc1 35. Ke3 Rc2 36. Rxc2 Bxc2 37. f4 g4 38. b4 Kf5 39. g3 a5 40.
a3 Bb1 41. Kf2 Ke6 42. h3 gxh3 43. g4 Kd5 44. Kg3 Ke4 45. f5 h2 46. Kxh2 Kf4
47. Kh3 Bxf5 48. gxf5 Kxf5 49. Kg3 Ke4 50. bxc5 bxc5 51. Kf2 Kd3 52. a4 Kxc3
53. Ke3 Kb3 54. Kd3 c4+ 55. Kd4 c3 0-1